000 00597nam a2200181Ia 4500
008 090124s9999 xx 000 0 und d
082 _b11610
100 _aगोडसे दत्तात्रय गणेश
245 _a लोकधाटी
250 _a0
260 _bपॉप्य़ुलर प्रकाशन
_c1974
300 _a100
600 _aगोडसे दत्तात्रय गणेश
630 _a लोकधाटी
700 _aगोडसे दत्तात्रय गणेश
730 _a लोकधाटी
942 _cBOOK
999 _c86459
_d86459